书目信息 |
| 题名: |
辩证唯物主义纲要
|
|
| 作者: | 艾思奇 著 | |
| 分册: | ||
| 出版信息: | 北京 人民出版社 1978.11 |
|
| 页数: | 298页 | |
| 开本: | 19cm | |
| 丛书名: | ||
| 单 册: | ||
| 中图分类: | B02 | |
| 科图分类: | ||
| 主题词: | 辩证唯物主义 | |
| 电子资源: | ||
| ISBN: | ||
| 000 | 00531nam0 2200205 45 | |
| 001 | 0212181043 | |
| 005 | 20060817172347.29 | |
| 010 | @dCNY0.62 | |
| 091 | @a2001.85 | |
| 100 | @a20021218d1978 km y0chiy0120 ea | |
| 101 | 0 | @achi |
| 200 | 1 | @a辩证唯物主义纲要@ABian Zheng Wei Wu Zhu Yi Gang Yao@f艾思奇著@FAi Si Qi Zhu |
| 205 | @a3版 | |
| 210 | @a北京@c人民出版社@d1978.11 | |
| 215 | @a298页@d19cm | |
| 606 | 0 | @a辩证唯物主义 |
| 690 | @aB02@v4 | |
| 701 | 0 | @a艾思奇@Aai si qi@4著 |
| 801 | @aCN@bTSTC@c20060817 | |
| 905 | @dB02@e2=3 | |
| 辩证唯物主义纲要/艾思奇著.-3版.-北京:人民出版社,1978.11 |
| 298页;19cm |
| ISBN :CNY0.62 |
| ● |
| 相关链接 |
|
|
|
|
正题名:辩证唯物主义纲要
索取号:B02/2=3
 
预约/预借
| 序号 | 登录号 | 条形码 | 馆藏地/架位号 | 状态 | 备注 |
| 1 | 0032594 | 001115251 | 密集书库/ [索取号:B02/2=3] | 在馆 | |
| 2 | 0032596 | 001145905 | 第一样本阅览室/ [索取号:B02/2=3] | 在馆 | |
| 3 | 0060692 | 001738506 | 密集书库/ [索取号:B02/2=3] | 在馆 | |
| 4 | 0060693 | 001725280 | 密集书库/ [索取号:B02/2=3] | 在馆 | |
| 5 | 0060694 | 001724664 | 密集书库/ [索取号:B02/2=3] | 在馆 | |
| 6 | 0060695 | 001725299 | 密集书库/ [索取号:B02/2=3] | 在馆 | |
| 7 | 0060696 | 001724584 | 密集书库/ [索取号:B02/2=3] | 在馆 | |
| 8 | 0060697 | 202143849 | 密集书库/ [索取号:B02/2=3] | 在馆 | |
| 9 | 0060698 | 001725388 | 密集书库/ [索取号:B02/2=3] | 在馆 | |
| 10 | 0060699 | 001869142 | 密集书库/ [索取号:B02/2=3] | 在馆 | |
| 11 | 0060700 | 202225403 | 密集书库/ [索取号:B02/2=3] | 在馆 | |
| 12 | 0060701 | 001738533 | 密集书库/ [索取号:B02/2=3] | 在馆 | |
| 13 | 0060702 | 001115288 | 第一借阅区/ [索取号:B02/2=3] | 在馆 | |
| 14 | 0060703 | 001725360 | 密集书库/ [索取号:B02/2=3] | 在馆 | |
| 15 | 0060704 | 001725342 | 密集书库/ [索取号:B02/2=3] | 在馆 | |
| 16 | 0060705 | 001725333 | 密集书库/ [索取号:B02/2=3] | 在馆 | |
| 17 | 0060706 | 001923583 | 密集书库/ [索取号:B02/2=3] | 在馆 | |
| 18 | 0060707 | 001725413 | 密集书库/ [索取号:B02/2=3] | 在馆 | |
| 19 | 0060708 | 001749503 | 密集书库/ [索取号:B02/2=3] | 在馆 | |
| 20 | 0060709 | 001724548 | 密集书库/ [索取号:B02/2=3] | 在馆 | |
| 21 | 0060710 | 001725253 | 密集书库/ [索取号:B02/2=3] | 在馆 | |
| 22 | 0060711 | 001738686 | 密集书库/ [索取号:B02/2=3] | 在馆 | |
| 23 | 0060712 | 001725379 | 密集书库/ [索取号:B02/2=3] | 在馆 | |
| 24 | 0060713 | 001725422 | 密集书库/ [索取号:B02/2=3] | 在馆 | |
| 25 | 0060714 | 202176750 | 密集书库/ [索取号:B02/2=3] | 在馆 | |
| 26 | 0060715 | 001869133 | 密集书库/ [索取号:B02/2=3] | 在馆 | |
| 27 | 0060716 | 001115279 | 第一借阅区/ [索取号:B02/2=3] | 在馆 | |
| 28 | 0060717 | 001724628 | 密集书库/ [索取号:B02/2=3] | 在馆 | |
| 29 | 0060718 | 001725404 | 密集书库/ [索取号:B02/2=3] | 在馆 | |
| 30 | 0060719 | 001823842 | 密集书库/ [索取号:B02/2=3] | 在馆 | |
| 31 | 0060720 | 002047966 | 第一样本阅览室/ [索取号:B02/2=3] | 在馆 | |
| 32 | 0060721 | 001725324 | 密集书库/ [索取号:B02/2=3] | 在馆 | |
| 33 | 0060728 | 202143830 | 密集书库/ [索取号:B02/2=3] | 在馆 | |
| 34 | 0060729 | 202143821 | 密集书库/ [索取号:B02/2=3] | 在馆 | |
| 35 | 0448893 | 204488937 | 密集书库/ [索取号:B02/2=3] | 在馆 | |
| 36 | 0448894 | 204488946 | 密集书库/ [索取号:B02/2=3] | 在馆 | |
| 37 | 0459149 | 204591496 | 密集书库/ [索取号:B02/2=3] | 在馆 | |
| 38 | 0459150 | 204591502 | 密集书库/ [索取号:B02/2=3] | 在馆 | |
| 39 | 0465494 | 204654944 | 密集书库/ [索取号:B02/2=3] | 在馆 |